000 00309nam a2200109Ia 4500
001 1263919
005 20260417141928.0
008 260417s9999 xx 000 0 und d
020 _a9786057949141
245 0 _aKara Dursun ve Diğer Ankara Söylenceleri
_cİsmail Kılıçarslan
260 _bKetebe Yayınları
999 _c1263919
_d1263919